[Event "ODJM B 2025"]
[Site "Willingen GER"]
[Date "2025.06.14"]
[Round "9"]
[White "Schmidt, Sophie"]
[Black "Oblender, Rudi"]
[Result "0-1"]
[Termination "normal"]
[Board "42"]
[WhiteElo "1613"]
[BlackElo "1761"]
[WhiteClock "00:01:07"]
[BlackClock "00:27:07"]
[PlyCount "78"]
[WhiteFideId "34682503"]
[BlackFideId "34625089"]
[EventCountry "GER"]
[EventRounds "9"]
[EventType "swiss"]
[EventDate "2025.06.07"]

1. d4 {[%clk 01:30:59]} Nf6 {[%clk 01:30:56]} {[%emt 00:00:04]} 2. Nf3 {[%clk
01:31:20]} {[%emt 00:00:09]} d6 {[%clk 01:31:23]} {[%emt 00:00:04]} 3. h3
{[%clk 01:31:12]} {[%emt 00:00:37]} g6 {[%clk 01:31:48]} {[%emt 00:00:06]} 4.
Bf4 {[%clk 01:30:56]} {[%emt 00:00:46]} Bg7 {[%clk 01:32:13]} {[%emt 00:00:05]}
5. c4 {[%clk 01:30:33]} {[%emt 00:00:52]} O-O {[%clk 01:32:39]} {[%emt
00:00:05]} 6. e3 {[%clk 01:29:47]} {[%emt 00:01:16]} Nbd7 {[%clk 01:32:54]}
{[%emt 00:00:15]} 7. Nc3 {[%clk 01:28:29]} {[%emt 00:01:48]} a6 {[%clk
01:33:18]} {[%emt 00:00:06]} 8. Be2 {[%clk 01:27:42]} {[%emt 00:01:17]} c5
{[%clk 01:33:10]} {[%emt 00:00:38]} 9. O-O {[%clk 01:24:52]} {[%emt 00:03:19]}
b6 {[%clk 01:33:05]} {[%emt 00:00:36]} 10. Rc1 {[%clk 01:16:41]} {[%emt
00:08:41]} Bb7 {[%clk 01:33:30]} {[%emt 00:00:05]} 11. b3 {[%clk 01:10:08]}
{[%emt 00:07:03]} h6 {[%clk 01:30:22]} {[%emt 00:03:37]} 12. Re1 {[%clk
00:52:24]} {[%emt 00:18:16]} g5 {[%clk 01:30:24]} {[%emt 00:00:27]} 13. Bg3
{[%clk 00:42:41]} {[%emt 00:10:13]} Ne4 {[%clk 01:22:21]} {[%emt 00:08:33]} 14.
Nxe4 {[%clk 00:37:25]} {[%emt 00:05:45]} Bxe4 {[%clk 01:22:17]} {[%emt
00:00:34]} 15. Bd3 {[%clk 00:31:11]} {[%emt 00:06:45]} Bxd3 {[%clk 01:21:03]}
{[%emt 00:01:44]} 16. Qxd3 {[%clk 00:31:34]} {[%emt 00:00:06]} f5 {[%clk
01:21:28]} {[%emt 00:00:05]} 17. Rcd1 {[%clk 00:27:02]} {[%emt 00:05:02]} Kh8
{[%clk 01:18:43]} {[%emt 00:03:15]} 18. Kh1 {[%clk 00:25:48]} {[%emt 00:01:45]}
Qc8 {[%clk 01:17:39]} {[%emt 00:01:33]} 19. Kh2 {[%clk 00:18:20]} {[%emt
00:07:58]} Nf6 {[%clk 01:16:58]} {[%emt 00:01:10]} 20. Kh1 {[%clk 00:15:49]}
{[%emt 00:03:02]} Ne4 {[%clk 01:15:08]} {[%emt 00:02:18]} 21. Nd2 {[%clk
00:14:09]} {[%emt 00:02:11]} Nf6 {[%clk 00:58:41]} {[%emt 00:16:58]} 22. Nf3
{[%clk 00:10:24]} {[%emt 00:04:15]} Nh7 {[%clk 00:51:55]} {[%emt 00:07:15]} 23.
h4 {[%clk 00:06:14]} {[%emt 00:04:41]} Qe8 {[%clk 00:48:31]} {[%emt 00:03:53]}
24. dxc5 {[%clk 00:04:03]} {[%emt 00:02:42]} bxc5 {[%clk 00:48:12]} {[%emt
00:00:50]} 25. Qd5 {[%clk 00:03:26]} {[%emt 00:01:07]} Qc8 {[%clk 00:41:29]}
{[%emt 00:07:12]} 26. e4 {[%clk 00:02:08]} {[%emt 00:01:48]} f4 {[%clk
00:37:10]} {[%emt 00:04:49]} 27. Bh2 {[%clk 00:02:32]} {[%emt 00:00:07]} g4
{[%clk 00:37:18]} {[%emt 00:00:23]} 28. Nd2 {[%clk 00:02:09]} {[%emt 00:00:53]}
Be5 {[%clk 00:37:05]} {[%emt 00:00:43]} 29. Qd3 {[%clk 00:01:26]} {[%emt
00:01:13]} a5 {[%clk 00:28:37]} {[%emt 00:08:57]} 30. Nb1 {[%clk 00:01:01]}
{[%emt 00:00:55]} Rg8 {[%clk 00:26:11]} {[%emt 00:02:56]} 31. Nc3 {[%clk
00:01:12]} {[%emt 00:00:19]} g3 {[%clk 00:24:57]} {[%emt 00:01:44]} 32. fxg3
{[%clk 00:01:30]} {[%emt 00:00:12]} fxg3 {[%clk 00:25:22]} {[%emt 00:00:05]}
33. Bg1 {[%clk 00:01:56]} {[%emt 00:00:04]} Qg4 {[%clk 00:25:36]} {[%emt
00:00:16]} 34. Be3 {[%clk 00:00:44]} {[%emt 00:01:41]} Qxh4+ {[%clk 00:25:44]}
{[%emt 00:00:21]} 35. Kg1 {[%clk 00:01:06]} {[%emt 00:00:09]} Qh2+ {[%clk
00:25:35]} {[%emt 00:00:39]} 36. Kf1 {[%clk 00:01:26]} {[%emt 00:00:10]} Raf8+
{[%clk 00:25:57]} {[%emt 00:00:08]} 37. Bf4 {[%clk 00:00:39]} {[%emt 00:01:18]}
Rxf4+ {[%clk 00:26:21]} {[%emt 00:00:06]} 38. Ke2 {[%clk 00:00:44]} {[%emt
00:00:25]} Qxg2+ {[%clk 00:26:42]} {[%emt 00:00:08]} 39. Ke3 {[%clk 00:01:07]}
{[%emt 00:00:09]} Rf3# {[%clk 00:27:07]} {[%emt 00:00:04]} 0-1

[Event "ODJM B 2025"]
[Site "Willingen GER"]
[Date "2025.06.14"]
[Round "9"]
[White "Leonhardt, Lukas"]
[Black "Zussner, Tim"]
[Result "0-1"]
[Termination "normal"]
[Board "43"]
[WhiteElo "1673"]
[BlackElo "1800"]
[WhiteClock "00:00:32"]
[BlackClock "00:14:18"]
[PlyCount "60"]
[WhiteFideId "34683950"]
[BlackFideId "34642765"]
[EventCountry "GER"]
[EventRounds "9"]
[EventType "swiss"]
[EventDate "2025.06.07"]

1. e4 {[%clk 01:30:53]} {[%emt 00:00:06]} c5 {[%clk 01:30:53]} {[%emt
00:00:07]} 2. c3 {[%clk 01:30:46]} {[%emt 00:00:37]} g6 {[%clk 01:30:55]}
{[%emt 00:00:28]} 3. d4 {[%clk 01:30:17]} {[%emt 00:00:59]} cxd4 {[%clk
01:31:19]} {[%emt 00:00:06]} 4. Qxd4 {[%clk 01:23:01]} {[%emt 00:07:45]} Nf6
{[%clk 01:31:28]} {[%emt 00:00:22]} 5. Bg5 {[%clk 01:07:51]} {[%emt 00:15:40]}
Nc6 {[%clk 01:29:17]} {[%emt 00:02:41]} 6. Qe3 {[%clk 01:07:18]} {[%emt
00:01:03]} Bg7 {[%clk 01:27:44]} {[%emt 00:02:03]} 7. Be2 {[%clk 01:04:15]}
{[%emt 00:03:33]} O-O {[%clk 01:16:29]} {[%emt 00:11:45]} 8. Bh6 {[%clk
00:59:24]} {[%emt 00:05:20]} d6 {[%clk 00:57:45]} {[%emt 00:19:15]} 9. h4
{[%clk 00:52:25]} {[%emt 00:07:29]} Qb6 {[%clk 00:52:13]} {[%emt 00:06:02]} 10.
Qxb6 {[%clk 00:47:26]} {[%emt 00:05:28]} axb6 {[%clk 00:51:01]} {[%emt
00:01:43]} 11. Bxg7 {[%clk 00:45:58]} {[%emt 00:01:57]} Kxg7 {[%clk 00:48:44]}
{[%emt 00:02:47]} 12. Nd2 {[%clk 00:42:26]} {[%emt 00:04:02]} Be6 {[%clk
00:39:36]} {[%emt 00:09:39]} 13. b3 {[%clk 00:33:45]} {[%emt 00:09:11]} d5
{[%clk 00:35:16]} {[%emt 00:04:50]} 14. exd5 {[%clk 00:28:46]} {[%emt
00:05:28]} Nxd5 {[%clk 00:32:05]} {[%emt 00:03:42]} 15. Ne4 {[%clk 00:25:03]}
{[%emt 00:04:13]} Nf4 {[%clk 00:30:09]} {[%emt 00:02:26]} 16. Bf3 {[%clk
00:18:08]} {[%emt 00:07:25]} Bxb3 {[%clk 00:23:40]} {[%emt 00:06:59]} 17. Rb1
{[%clk 00:17:39]} {[%emt 00:01:00]} Bxa2 {[%clk 00:22:43]} {[%emt 00:01:27]}
18. Rxb6 {[%clk 00:18:01]} {[%emt 00:00:08]} Bc4 {[%clk 00:22:41]} {[%emt
00:00:32]} 19. Rxb7 {[%clk 00:15:53]} {[%emt 00:02:38]} Ra1+ {[%clk 00:21:52]}
{[%emt 00:01:18]} 20. Kd2 {[%clk 00:15:45]} {[%emt 00:00:39]} Rd8+ {[%clk
00:21:24]} {[%emt 00:00:58]} 21. Kc2 {[%clk 00:13:09]} {[%emt 00:03:06]} Bd3+
{[%clk 00:19:15]} {[%emt 00:02:40]} 22. Kd2 {[%clk 00:10:40]} {[%emt 00:02:58]}
Ba6+ {[%clk 00:17:48]} {[%emt 00:01:57]} 23. Ke3 {[%clk 00:10:50]} {[%emt
00:00:20]} Nd5+ {[%clk 00:17:34]} {[%emt 00:00:44]} 24. Kd2 {[%clk 00:10:05]}
{[%emt 00:01:14]} Bxb7 {[%clk 00:17:15]} {[%emt 00:00:51]} 25. h5 {[%clk
00:09:43]} {[%emt 00:00:51]} Nf6+ {[%clk 00:13:59]} {[%emt 00:03:46]} 26. Ke3
{[%clk 00:09:02]} {[%emt 00:01:10]} Nxe4 {[%clk 00:13:40]} {[%emt 00:00:50]}
27. h6+ {[%clk 00:08:56]} {[%emt 00:00:35]} Kg8 {[%clk 00:13:59]} {[%emt
00:00:12]} 28. Bxe4 {[%clk 00:08:34]} {[%emt 00:00:51]} Na5 {[%clk 00:13:55]}
{[%emt 00:00:35]} 29. Nf3 {[%clk 00:00:32]} {[%emt 00:08:32]} Rxh1 {[%clk
00:14:07]} {[%emt 00:00:17]} 30. Bxb7 {[%clk 00:00:32]} {[%emt 00:00:31]} Nxb7
{[%clk 00:14:18]} {[%emt 00:00:19]} 0-1

[Event "ODJM B 2025"]
[Site "Willingen GER"]
[Date "2025.06.14"]
[Round "9"]
[White "Jacoby, Angelina"]
[Black "Golke, Philipp"]
[Result "1-0"]
[Termination "normal"]
[Board "44"]
[WhiteElo "1707"]
[BlackElo "1729"]
[WhiteClock "00:09:04"]
[BlackClock "01:29:02"]
[PlyCount "61"]
[WhiteFideId "12999008"]
[BlackFideId "34625259"]
[EventCountry "GER"]
[EventRounds "9"]
[EventType "swiss"]
[EventDate "2025.06.07"]

1. d4 {[%clk 01:30:57]} {[%emt 00:00:03]} f5 {[%clk 01:30:50]} {[%emt
00:00:10]} 2. Bf4 {[%clk 01:31:02]} {[%emt 00:00:25]} Nf6 {[%clk 01:31:15]}
{[%emt 00:00:05]} 3. e3 {[%clk 01:30:55]} {[%emt 00:00:38]} g6 {[%clk
01:31:39]} {[%emt 00:00:06]} 4. h3 {[%clk 01:29:15]} {[%emt 00:02:10]} Bg7
{[%clk 01:32:04]} {[%emt 00:00:05]} 5. Nf3 {[%clk 01:27:57]} {[%emt 00:01:48]}
d6 {[%clk 01:32:27]} {[%emt 00:00:06]} 6. Bc4 {[%clk 01:19:50]} {[%emt
00:08:36]} e6 {[%clk 01:26:53]} {[%emt 00:06:04]} 7. c3 {[%clk 01:16:04]}
{[%emt 00:04:17]} O-O {[%clk 01:27:05]} {[%emt 00:00:17]} 8. Nbd2 {[%clk
01:07:53]} {[%emt 00:08:41]} d5 {[%clk 01:27:26]} {[%emt 00:00:10]} 9. Be2
{[%clk 01:06:58]} {[%emt 00:01:24]} Ne4 {[%clk 01:27:15]} {[%emt 00:00:41]} 10.
Rc1 {[%clk 00:53:40]} {[%emt 00:13:48]} h6 {[%clk 01:27:38]} {[%emt 00:00:06]}
11. Ne5 {[%clk 00:51:41]} {[%emt 00:02:30]} g5 {[%clk 01:28:02]} {[%emt
00:00:06]} 12. Bh2 {[%clk 00:51:33]} {[%emt 00:00:38]} Nd7 {[%clk 01:26:32]}
{[%emt 00:02:00]} 13. Nxd7 {[%clk 00:48:43]} {[%emt 00:03:21]} Bxd7 {[%clk
01:26:54]} {[%emt 00:00:07]} 14. O-O {[%clk 00:48:57]} {[%emt 00:00:16]} c6
{[%clk 01:27:09]} {[%emt 00:00:15]} 15. Nxe4 {[%clk 00:43:38]} {[%emt
00:05:49]} fxe4 {[%clk 01:27:28]} {[%emt 00:00:11]} 16. f3 {[%clk 00:43:02]}
{[%emt 00:01:07]} exf3 {[%clk 01:27:53]} {[%emt 00:00:05]} 17. Bxf3 {[%clk
00:38:57]} {[%emt 00:04:35]} Qe7 {[%clk 01:28:17]} {[%emt 00:00:05]} 18. e4
{[%clk 00:33:56]} {[%emt 00:05:31]} e5 {[%clk 01:27:03]} {[%emt 00:01:44]} 19.
exd5 {[%clk 00:20:37]} {[%emt 00:13:50]} e4 {[%clk 01:27:25]} {[%emt 00:00:07]}
20. d6 {[%clk 00:19:45]} {[%emt 00:01:22]} Qe8 {[%clk 01:27:16]} {[%emt
00:00:38]} 21. Re1 {[%clk 00:18:36]} {[%emt 00:01:39]} exf3 {[%clk 01:26:49]}
{[%emt 00:00:58]} 22. Rxe8 {[%clk 00:18:35]} {[%emt 00:00:31]} f2+ {[%clk
01:27:12]} {[%emt 00:00:06]} 23. Kf1 {[%clk 00:18:18]} {[%emt 00:00:48]} Raxe8
{[%clk 01:27:37]} {[%emt 00:00:06]} 24. Qd2 {[%clk 00:14:08]} {[%emt 00:04:40]}
Be6 {[%clk 01:27:10]} {[%emt 00:00:56]} 25. b3 {[%clk 00:11:33]} {[%emt
00:03:05]} a5 {[%clk 01:27:38]} {[%emt 00:00:03]} 26. Bg3 {[%clk 00:10:46]}
{[%emt 00:01:17]} a4 {[%clk 01:28:05]} {[%emt 00:00:03]} 27. c4 {[%clk
00:09:27]} {[%emt 00:01:49]} b5 {[%clk 01:28:32]} {[%emt 00:00:03]} 28. Bxf2
{[%clk 00:09:41]} {[%emt 00:00:15]} g4 {[%clk 01:28:48]} {[%emt 00:00:14]} 29.
hxg4 {[%emt 00:01:25]} Bxg4 {[%clk 01:29:14]} {[%emt 00:00:02]} 30. Re1 {[%clk
00:09:08]} {[%emt 00:00:11]} Rxf2+ {[%clk 01:29:02]} {[%emt 00:00:42]} 31. Kxf2
{[%clk 00:09:04]} {[%emt 00:00:34]} 1-0

[Event "ODJM B 2025"]
[Site "Willingen GER"]
[Date "2025.06.14"]
[Round "9"]
[White "Wolf, Helena"]
[Black "Winkler, Frida"]
[Result "0-1"]
[Termination "normal"]
[Board "46"]
[WhiteElo "1702"]
[BlackElo "1558"]
[WhiteClock "00:00:43"]
[BlackClock "00:35:19"]
[PlyCount "68"]
[WhiteFideId "34671030"]
[BlackFideId "34622322"]
[EventCountry "GER"]
[EventRounds "9"]
[EventType "swiss"]
[EventDate "2025.06.07"]

1. e4 {[%clk 01:30:58]} {[%emt 00:00:01]} d6 {[%clk 01:30:54]} {[%emt
00:00:07]} 2. d4 {[%clk 01:31:23]} {[%emt 00:00:05]} Nf6 {[%clk 01:31:18]}
{[%emt 00:00:06]} 3. Nc3 {[%clk 01:31:48]} {[%emt 00:00:05]} Nbd7 {[%clk
01:31:43]} {[%emt 00:00:05]} 4. Nf3 {[%clk 01:32:08]} {[%emt 00:00:10]} e5
{[%clk 01:31:58]} {[%emt 00:00:15]} 5. Bc4 {[%clk 01:32:32]} {[%emt 00:00:06]}
Be7 {[%clk 01:32:08]} {[%emt 00:00:20]} 6. O-O {[%clk 01:32:56]} {[%emt
00:00:06]} c6 {[%clk 01:31:50]} {[%emt 00:00:47]} 7. a4 {[%clk 01:33:21]}
{[%emt 00:00:06]} h6 {[%clk 01:31:57]} {[%emt 00:00:22]} 8. h3 {[%clk
01:33:02]} {[%emt 00:00:49]} O-O {[%clk 01:32:04]} {[%emt 00:00:23]} 9. Re1
{[%clk 01:33:27]} {[%emt 00:00:05]} Qc7 {[%clk 01:32:28]} {[%emt 00:00:06]} 10.
Ba2 {[%clk 01:32:00]} {[%emt 00:01:57]} Re8 {[%clk 01:32:28]} {[%emt 00:00:30]}
11. Be3 {[%clk 01:24:10]} {[%emt 00:08:19]} Nf8 {[%clk 01:30:56]} {[%emt
00:02:02]} 12. Qd3 {[%clk 01:12:29]} {[%emt 00:12:12]} Be6 {[%clk 01:28:39]}
{[%emt 00:02:47]} 13. d5 {[%clk 01:04:11]} {[%emt 00:08:48]} cxd5 {[%clk
01:24:16]} {[%emt 00:04:53]} 14. exd5 {[%clk 00:58:57]} {[%emt 00:05:45]} Bd7
{[%clk 01:22:21]} {[%emt 00:02:23]} 15. Bb3 {[%clk 00:57:13]} {[%emt 00:02:15]}
Ng6 {[%clk 01:20:38]} {[%emt 00:02:12]} 16. Qd2 {[%clk 00:51:40]} {[%emt
00:06:04]} Rac8 {[%clk 01:11:10]} {[%emt 00:09:57]} 17. Nb5 {[%clk 00:32:45]}
{[%emt 00:19:26]} Bxb5 {[%clk 01:10:48]} {[%emt 00:00:52]} 18. axb5 {[%clk
00:33:07]} {[%emt 00:00:07]} b6 {[%clk 01:10:40]} {[%emt 00:00:38]} 19. Ra6
{[%clk 00:31:50]} {[%emt 00:01:48]} Ne4 {[%clk 01:10:35]} {[%emt 00:00:32]} 20.
Qe2 {[%clk 00:31:54]} {[%emt 00:00:24]} Nc5 {[%clk 01:10:25]} {[%emt 00:00:42]}
21. Bxc5 {[%clk 00:32:07]} {[%emt 00:00:19]} dxc5 {[%clk 01:08:05]} {[%emt
00:02:50]} 22. Rea1 {[%clk 00:29:48]} {[%emt 00:02:49]} Ra8 {[%clk 01:04:19]}
{[%emt 00:04:16]} 23. c4 {[%clk 00:27:39]} {[%emt 00:02:40]} Bd6 {[%clk
00:59:57]} {[%emt 00:04:51]} 24. Bc2 {[%clk 00:23:36]} {[%emt 00:04:33]} e4
{[%clk 00:57:40]} {[%emt 00:02:47]} 25. Nd2 {[%clk 00:22:54]} {[%emt 00:01:12]}
Be5 {[%clk 00:53:24]} {[%emt 00:04:45]} 26. R6a2 {[%clk 00:15:08]} {[%emt
00:08:18]} Bd4 {[%clk 00:51:28]} {[%emt 00:02:25]} 27. Nb3 {[%clk 00:12:29]}
{[%emt 00:03:10]} Nf4 {[%clk 00:47:59]} {[%emt 00:03:58]} 28. Qd1 {[%clk
00:07:10]} {[%emt 00:05:49]} Nxh3+ {[%clk 00:47:13]} {[%emt 00:01:17]} 29. gxh3
{[%clk 00:02:28]} {[%emt 00:05:11]} Qg3+ {[%clk 00:47:31]} {[%emt 00:00:11]}
30. Kh1 {[%clk 00:02:44]} {[%emt 00:00:16]} Qxh3+ {[%clk 00:47:45]} {[%emt
00:00:16]} 31. Kg1 {[%clk 00:03:06]} {[%emt 00:00:07]} Qg3+ {[%clk 00:41:35]}
{[%emt 00:06:41]} 32. Kh1 {[%clk 00:03:27]} {[%emt 00:00:09]} Bxf2 {[%clk
00:35:30]} {[%emt 00:06:34]} 33. Qf1 {[%clk 00:01:18]} {[%emt 00:02:38]} Qf3+
{[%clk 00:35:19]} {[%emt 00:00:41]} 34. Qg2 {[%clk 00:00:43]} {[%emt 00:01:07]}
Re5 {[%emt 00:02:05]} 0-1

[Event "ODJM B 2025"]
[Site "Willingen GER"]
[Date "2025.06.14"]
[Round "9"]
[White "Mai, Maximilian"]
[Black "Rose, Elias Bernd"]
[Result "1-0"]
[Termination "normal"]
[Board "47"]
[WhiteElo "1697"]
[BlackElo "1609"]
[WhiteClock "00:37:45"]
[BlackClock "00:12:31"]
[PlyCount "106"]
[WhiteFideId "34628924"]
[BlackFideId "34665730"]
[EventCountry "GER"]
[EventRounds "9"]
[EventType "swiss"]
[EventDate "2025.06.07"]

1. d4 {[%clk 01:30:52]} {[%emt 00:00:08]} Nf6 {[%clk 01:30:46]} {[%emt
00:00:14]} 2. Nf3 {[%clk 01:30:51]} {[%emt 00:00:31]} c5 {[%clk 01:30:46]}
{[%emt 00:00:30]} 3. e3 {[%clk 01:31:00]} {[%emt 00:00:20]} cxd4 {[%clk
01:28:49]} {[%emt 00:02:28]} 4. exd4 {[%clk 01:31:21]} {[%emt 00:00:09]} d5
{[%clk 01:29:05]} {[%emt 00:00:14]} 5. c3 {[%clk 01:31:44]} {[%emt 00:00:07]}
Nc6 {[%clk 01:22:07]} {[%emt 00:07:28]} 6. Bf4 {[%clk 01:23:28]} {[%emt
00:08:46]} Bf5 {[%clk 01:21:13]} {[%emt 00:01:23]} 7. Qb3 {[%clk 01:20:51]}
{[%emt 00:03:07]} Na5 {[%clk 00:47:19]} {[%emt 00:34:24]} 8. Bb5+ {[%clk
01:12:10]} {[%emt 00:09:11]} Bd7 {[%clk 00:40:55]} {[%emt 00:06:54]} 9. Qa4
{[%clk 01:10:07]} {[%emt 00:02:34]} Nc4 {[%clk 00:26:27]} {[%emt 00:14:58]} 10.
Bxd7+ {[%clk 01:07:20]} {[%emt 00:03:17]} Qxd7 {[%clk 00:22:59]} {[%emt
00:03:57]} 11. Qxd7+ {[%clk 01:07:37]} {[%emt 00:00:13]} Nxd7 {[%clk 00:23:19]}
{[%emt 00:00:10]} 12. b3 {[%clk 01:07:34]} {[%emt 00:00:33]} Ncb6 {[%clk
00:23:06]} {[%emt 00:00:41]} 13. Ke2 {[%clk 01:03:34]} {[%emt 00:04:33]} Rc8
{[%clk 00:21:38]} {[%emt 00:01:58]} 14. Kd3 {[%clk 01:03:28]} {[%emt 00:00:35]}
e6 {[%clk 00:21:30]} {[%emt 00:00:38]} 15. Be5 {[%clk 01:01:16]} {[%emt
00:02:41]} Nxe5+ {[%clk 00:20:12]} {[%emt 00:01:49]} 16. Nxe5 {[%clk 01:01:41]}
{[%emt 00:00:05]} Bd6 {[%clk 00:20:35]} {[%emt 00:00:07]} 17. Re1 {[%clk
01:00:28]} {[%emt 00:01:43]} f6 {[%clk 00:20:19]} {[%emt 00:00:45]} 18. Nf3
{[%clk 01:00:54]} {[%emt 00:00:04]} Kf7 {[%clk 00:20:37]} {[%emt 00:00:13]} 19.
a4 {[%clk 00:59:18]} {[%emt 00:02:06]} Rhe8 {[%clk 00:18:01]} {[%emt 00:03:05]}
20. a5 {[%clk 00:57:00]} {[%emt 00:02:49]} Nd7 {[%clk 00:17:53]} {[%emt
00:00:38]} 21. c4 {[%clk 00:55:37]} {[%emt 00:01:52]} dxc4+ {[%clk 00:14:38]}
{[%emt 00:03:44]} 22. bxc4 {[%clk 00:55:59]} {[%emt 00:00:08]} e5 {[%clk
00:14:58]} {[%emt 00:00:10]} 23. Nbd2 {[%clk 00:54:38]} {[%emt 00:01:51]} exd4
{[%clk 00:11:47]} {[%emt 00:03:41]} 24. Nxd4 {[%clk 00:53:26]} {[%emt
00:01:42]} Be5 {[%clk 00:10:25]} {[%emt 00:01:52]} 25. N2b3 {[%clk 00:51:12]}
{[%emt 00:02:44]} Bxd4 {[%clk 00:09:42]} {[%emt 00:01:13]} 26. Kxd4 {[%clk
00:51:14]} {[%emt 00:00:27]} Ne5 {[%clk 00:10:01]} {[%emt 00:00:10]} 27. c5
{[%clk 00:50:26]} {[%emt 00:01:19]} Ng4 {[%clk 00:07:07]} {[%emt 00:03:23]} 28.
f3 {[%clk 00:50:34]} {[%emt 00:00:22]} Rcd8+ {[%clk 00:07:01]} {[%emt
00:00:36]} 29. Kc3 {[%clk 00:49:16]} {[%emt 00:01:47]} Ne5 {[%clk 00:06:24]}
{[%emt 00:01:08]} 30. Nd4 {[%clk 00:44:44]} {[%emt 00:05:02]} Rd5 {[%clk
00:05:13]} {[%emt 00:01:41]} 31. Nb3 {[%clk 00:42:09]} {[%emt 00:03:06]} Red8
{[%clk 00:04:03]} {[%emt 00:01:40]} 32. Re3 {[%clk 00:41:04]} {[%emt 00:01:34]}
a6 {[%clk 00:03:20]} {[%emt 00:01:14]} 33. Ra4 {[%clk 00:39:46]} {[%emt
00:01:47]} Nd3 {[%clk 00:03:16]} {[%emt 00:00:34]} 34. Rc4 {[%clk 00:37:29]}
{[%emt 00:02:48]} Ne5 {[%clk 00:02:26]} {[%emt 00:01:19]} 35. Rb4 {[%clk
00:37:40]} {[%emt 00:00:19]} R8d7 {[%clk 00:02:22]} {[%emt 00:00:35]} 36. h3
{[%clk 00:30:06]} {[%emt 00:08:03]} Nd3 {[%clk 00:01:56]} {[%emt 00:00:56]} 37.
Rc4 {[%clk 00:30:23]} {[%emt 00:00:13]} Kg6 {[%clk 00:01:57]} {[%emt 00:00:27]}
38. c6 {[%clk 00:29:02]} {[%emt 00:01:53]} bxc6 {[%clk 00:01:22]} {[%emt
00:01:05]} 39. Rxc6 {[%clk 00:29:21]} {[%emt 00:00:12]} Kf5 {[%clk 00:00:41]}
{[%emt 00:01:11]} 40. g3 {[%clk 00:25:15]} {[%emt 00:04:35]} g5 {[%clk
00:30:00]} {[%emt 00:00:41]} 41. Ree6 {[%clk 00:54:41]} {[%emt 00:01:03]} Kg6
{[%clk 00:27:56]} {[%emt 00:03:03]} 42. Rxf6+ {[%clk 00:54:34]} {[%emt
00:00:39]} Kg7 {[%clk 00:28:19]} {[%emt 00:00:07]} 43. Rxa6 {[%clk 00:51:19]}
{[%emt 00:03:45]} Ne5 {[%clk 00:21:26]} {[%emt 00:07:23]} 44. Rab6 {[%clk
00:42:17]} {[%emt 00:09:32]} Rc7+ {[%clk 00:19:55]} {[%emt 00:02:01]} 45. Kb4
{[%clk 00:42:22]} {[%emt 00:00:25]} Nd7 {[%clk 00:19:48]} {[%emt 00:00:36]} 46.
Rfc6 {[%clk 00:42:31]} {[%emt 00:00:21]} Rxc6 {[%clk 00:13:02]} {[%emt
00:07:17]} 47. Rxc6 {[%clk 00:42:56]} {[%emt 00:00:06]} Ne5 {[%clk 00:13:20]}
{[%emt 00:00:11]} 48. Rc7+ {[%clk 00:42:45]} {[%emt 00:00:42]} Kf6 {[%clk
00:13:38]} {[%emt 00:00:10]} 49. a6 {[%clk 00:42:19]} {[%emt 00:00:56]} Nxf3
{[%clk 00:13:27]} {[%emt 00:00:41]} 50. a7 {[%clk 00:42:44]} {[%emt 00:00:06]}
Rd8 {[%clk 00:13:51]} {[%emt 00:00:06]} 51. Nc5 {[%emt 00:02:29]} Nd4 {[%clk
00:13:32]} 52. Nd7+ {[%clk 00:40:47]} {[%emt 00:01:16]} Ke6 {[%clk 00:13:42]}
{[%emt 00:00:21]} 53. Nb8 {[%clk 00:37:45]} {[%emt 00:03:32]} Kd6 {[%clk
00:12:31]} {[%emt 00:01:40]} 1-0

[Event "ODJM B 2025"]
[Site "Willingen GER"]
[Date "2025.06.14"]
[Round "9"]
[White "Schmitt, Bastian"]
[Black "Yüksel, Aran"]
[Result "1-0"]
[Termination "normal"]
[Board "48"]
[WhiteElo "1729"]
[BlackElo "1531"]
[WhiteClock "00:45:43"]
[BlackClock "01:10:42"]
[PlyCount "37"]
[WhiteFideId "34615768"]
[BlackFideId "16297024"]
[EventCountry "GER"]
[EventRounds "9"]
[EventType "swiss"]
[EventDate "2025.06.07"]

1. Nc3 {[%clk 01:30:52]} {[%emt 00:00:06]} d5 {[%clk 01:30:54]} {[%emt
00:00:07]} 2. d4 {[%clk 01:31:13]} {[%emt 00:00:09]} Nf6 {[%clk 01:31:17]}
{[%emt 00:00:08]} 3. Bf4 {[%clk 01:31:31]} {[%emt 00:00:11]} e6 {[%clk
01:31:30]} {[%emt 00:00:18]} 4. e3 {[%clk 01:31:44]} {[%emt 00:00:17]} Be7
{[%clk 01:29:38]} {[%emt 00:02:22]} 5. Bd3 {[%clk 01:31:23]} {[%emt 00:00:51]}
b6 {[%clk 01:29:03]} {[%emt 00:01:05]} 6. Nf3 {[%clk 01:29:58]} {[%emt
00:01:54]} Bb7 {[%clk 01:27:49]} {[%emt 00:01:44]} 7. Ne5 {[%clk 01:23:34]}
{[%emt 00:06:54]} Nbd7 {[%clk 01:26:42]} {[%emt 00:01:37]} 8. Bb5 {[%clk
01:19:36]} {[%emt 00:04:28]} c5 {[%clk 01:24:42]} {[%emt 00:02:30]} 9. Nc6
{[%clk 01:13:20]} {[%emt 00:06:46]} Qc8 {[%clk 01:23:16]} {[%emt 00:01:55]} 10.
Nxe7 {[%clk 01:13:19]} {[%emt 00:00:30]} Kxe7 {[%clk 01:23:37]} {[%emt
00:00:09]} 11. O-O {[%clk 01:10:27]} {[%emt 00:03:22]} cxd4 {[%clk 01:22:41]}
{[%emt 00:01:26]} 12. exd4 {[%clk 01:10:02]} {[%emt 00:00:56]} Re8 {[%clk
01:21:58]} {[%emt 00:01:12]} 13. Qf3 {[%clk 01:01:58]} {[%emt 00:08:35]} a6
{[%clk 01:21:55]} {[%emt 00:00:33]} 14. Bd3 {[%clk 01:00:30]} {[%emt 00:01:58]}
Kf8 {[%clk 01:21:33]} {[%emt 00:00:51]} 15. Qg3 {[%clk 00:52:42]} {[%emt
00:08:19]} Kg8 {[%clk 01:18:15]} {[%emt 00:03:48]} 16. Rfe1 {[%emt 00:01:13]}
Nh5 {[%clk 01:18:36]} 17. Qh4 {[%clk 00:52:05]} {[%emt 00:00:32]} Nhf6 {[%clk
01:14:42]} {[%emt 00:04:24]} 18. Re3 {[%clk 00:49:41]} {[%emt 00:02:54]} Nf8
{[%clk 01:10:42]} {[%emt 00:04:30]} 19. Be5 {[%clk 00:45:43]} {[%emt 00:04:28]}
1-0